[Event "KGZ-ch"]
[Site "Bishkek"]
[Date "2022.05.01"]
[Round "2"]
[White "Ibraimov, Dastan"]
[Black "Alybaev, Djekshenbek"]
[Result "0-1"]
[WhiteElo "1401"]
[BlackElo "2070"]
[PlyCount "88"]
[EventDate "2022.04.30"]
[EventType "swiss"]
[EventRounds "11"]
[EventCountry "KGZ"]
[SourceTitle "EXT 2023"]
[Source "ChessBase"]
[SourceDate "2022.10.05"]
[SourceVersion "1"]
[SourceVersionDate "2022.10.05"]
[SourceQuality "1"]

1. e4 c5 2. Nf3 Nc6 3. d4 cxd4 4. Nxd4 g6 5. Nc3 Bg7 6. Be3 Nf6 7. Be2 0-0 8. 0-0 d5 9. exd5 Nxd5 10. Nxd5 Nxd4 11. Bxd4 Qxd5 12. Bxg7 Qxd1 13. Rfxd1 Kxg7 14. Bf3 e5 15. Rd2 Be6 16. b3 Rab8 17. Rad1 Rfc8 18. Kf1 b5 19. Re1 Kf6 20. Ke2 a5 21. Kd1 Rd8 22. Ree2 b4 23. Rxd8 Rxd8+ 24. Rd2 Rd4 25. Ke2 g5 26. h3 Bf5 27. Ke3 Rxd2 28. Kxd2 e4 29. Be2 Ke5 30. Ke3 Bg6 31. g4 f5 32. gxf5 Bxf5 33. Bf1 h5 34. Bg2 h4 35. Ke2 Kf4 36. Kd2 g4 37. hxg4 Bxg4 38. Bf1 h3 39. c4 bxc3+ 40. Kxc3 h2 41. Bg2 Bf3 42. Bxf3 Kxf3 43. b4 axb4+ 44. Kxb4 h1Q 0-1